Statistiche per Top 15 dei paesi con decessi Covid-19 - 17 novembre 2021

Clicka qui per fare il quiz!

Statistiche generali

  • Questo quiz è stato fatto 3 volte
  • Il punteggio medio è 11 su 26

Statistiche sulle risposte

paese% Corretto
Argentina
67%
Brasile
67%
Bulgaria
67%
Colombia
67%
Francia
67%
Germania
67%
India
67%
Indonesia
67%
Italia
67%
Messico
67%
Regno Unito
67%
Romania
67%
Stati Uniti
67%
Sudafrica
67%
Iran
33%
Perù
33%
Russia
33%
Ungheria
33%
Bosnia ed
Erzegovina
0%
Cechia
0%
Croazia
0%
Georgia
0%
Lituania
0%
Macedonia
del Nord
0%
Slovacchia
0%
Slovenia
0%

Distribuzione punteggi

Percentile per numero di risposta

Percentuale di utenti per punteggio

I tuoi punteggi nel tempo

Non hai fatto questo quiz